Qualifying Connections between Innovations and Existence of Gazelles in the Service Sector of the Slovak Republic
Gazely - rýchlo rastúce podniky. Analýza inovačného potenciálu podnikov na Slovensku. SWOT analýza inovačných systémov v SR. Inovačná intenzita a produktivita práce v službách.
Salvato in:
| Autore principale: | |
|---|---|
| Altri autori: | , |
| Natura: | Capitolo di libro |
| Lingua: | inglese |
| Soggetti: | |
| Tags: |
Nessun Tag, puoi essere il primo ad aggiungerne!!
|
MARC
| LEADER | 00000naa a2200000 4500 | ||
|---|---|---|---|
| 001 | 0207717 | ||
| 005 | 20240502083519.5 | ||
| 041 | 0 | |a eng | |
| 044 | |a UA | ||
| 245 | 1 | 0 | |a Qualifying Connections between Innovations and Existence of Gazelles in the Service Sector of the Slovak Republic |c Viera Kubičková, Monika Krošláková, Daniela Breveníková |
| 520 | |a Gazely - rýchlo rastúce podniky. Analýza inovačného potenciálu podnikov na Slovensku. SWOT analýza inovačných systémov v SR. Inovačná intenzita a produktivita práce v službách. | ||
| 610 | 2 | 0 | |a gazela |
| 610 | 2 | 0 | |a služby |
| 610 | 2 | 0 | |a podnikanie dynamické |
| 100 | 1 | |a Kubičková, Viera, 1970- | |
| 700 | 1 | |a Krošláková, Monika, 1975- | |
| 700 | 1 | |a Breveníková, Daniela | |